Tesoro de la lengua castellana o española

保存先:
書誌詳細
第一著者: Covarrubias, Sebastían de (著者)
フォーマット: 図書
言語:スペイン語
出版事項: Barcelona Alta Fulla 1987
シリーズ:Biblioteca Serie Lengua y Literatura, 3
主題:
タグ: タグ追加
タグなし, このレコードへの初めてのタグを付けませんか!

MARC

LEADER 00000nam a2200000 a 4500
001 UCW0320
003 CL-VaPUC
008 921110e19870000SP |||||||||||||||||spa|d
082 0 4 |a 463  |b COV  |2 21 
100 0 |a Covarrubias, Sebastían de  |e author  |9 304261 
245 1 0 |a Tesoro de la lengua castellana o española 
300 |a 1093 p 
942 |c BK 
945 |d 19921110 00:00:00 
260 |a Barcelona  |b Alta Fulla  |c 1987 
650 0 |a Español  |9 255372 
650 0 |a Diccionarios  |9 256200 
583 |a last modification  |c 19921110 00:00:00  |k Rodrigo Vera 
490 0 |a Biblioteca Serie Lengua y Literatura, 3 
999 |c 215530  |d 215528 
952 |0 0  |1 0  |4 0  |6 463_000000000000000_COV_1987  |7 0  |8 X  |9 199870  |a BIBART  |b BIBART  |d 2019-11-14  |i 2671395  |o 463 COV 1987  |p 2671395  |r 2025-03-13  |w 2019-11-14  |y BK_X  |k ART